| 000 | 00715nam a2200241 a 4500 | ||
|---|---|---|---|
| 005 | 20140310183223.0 | ||
| 008 | 030925s19uu xx 00 eng d | ||
| 020 | _a9813047119 | ||
| 050 |
_aRM 301.5 _b.R57 1994 |
||
| 100 | _aRitschel, W.A. | ||
| 245 |
_aHandbook of basic pharmacokinetics : _bincluding clinical applications / _cW.A. Ritschel. |
||
| 260 |
_aSingapore : _bInfo Access & distribution Pte ltd, _c1994. |
||
| 300 |
_a588 p. : _bill. ; _c18 cm. |
||
| 500 | _aIncludes Index | ||
| 521 | _aNUR | ||
| 650 | _aBiopharmaceutics | ||
| 650 | _aChemistry, pharmaceutical | ||
| 650 | _aDrug interactions | ||
| 650 | _aKinetics | ||
| 650 | _aPharmacology | ||
| 942 |
_cBK _2lcc _kFOR |
||
| 999 |
_c20344 _d20344 |
||